| 000 | 00415nam a2200181Ia 4500 | ||
|---|---|---|---|
| 008 | 170705s9999 xx 000 0 und d | ||
| 020 | _a9780439692601 | ||
| 245 | _aIt's a dog's life / | ||
| 245 | _cTeresa Waters. | ||
| 260 | _aNew York : | ||
| 260 | _bScholastic, | ||
| 260 | _c2004 | ||
| 300 | _a23 pages : | ||
| 300 | _bcolor illustration ; | ||
| 300 | _c19cm. | ||
| 440 | _aRead 180. | ||
| 500 | _a250 | ||
| 999 |
_c335431 _d335431 |
||